[Event "Manaus op 2nd"]
[Site "Manaus"]
[Date "2023.10.17"]
[Round "9"]
[White "Barbosa, William Julio"]
[Black "Pereira, Guilherme Fernando"]
[Result "1-0"]
[WhiteElo "1800"]
[BlackElo "1235"]
[PlyCount "69"]
[EventDate "2023.10.11"]
[EventType "swiss"]
[EventRounds "9"]
[EventCountry "BRA"]
[SourceTitle "CBM 216 Extra"]
[Source "ChessBase"]
[SourceDate "2023.11.30"]
[SourceVersion "1"]
[SourceVersionDate "2023.11.30"]
[SourceQuality "1"]

1. d4 d5 2. c4 e6 3. Nf3 Nf6 4. g3 b6 5. Bg2 Bb7 6. 0-0 Nbd7 7. Bg5 Be7 8. cxd5 Nxd5 9. Bxe7 Qxe7 10. e4 N5f6 11. e5 Nd5 12. Nfd2 0-0-0 13. Nc3 h5 14. Nxd5 exd5 15. a4 a6 16. a5 b5 17. Rc1 Nf8 18. Nb3 Ne6 19. Nc5 Nxc5 20. Rxc5 Kb8 21. Qc2 h4 22. f4 g5 23. fxg5 hxg3 24. hxg3 Qxg5 25. Rxf7 Qxg3 26. Qf2 Qh2+ 27. Kf1 c6 28. Rc3 Rdg8 29. Rcf3 Qh6 30. R3f4 Bc8 31. R7f6 Qg5 32. Rxc6 Rh7 33. Rb6+ Ka8 34. Bxd5+ Ka7 35. Rf7+ 1-0

[Event "Manaus Amazonas Cup"]
[Site "Manaus"]
[Date "2022.12.10"]
[Round "5"]
[White "Pereira, Guilherme Fernando"]
[Black "Barbosa, Celio Oliveira"]
[Result "0-1"]
[WhiteElo "1169"]
[BlackElo "1931"]
[PlyCount "74"]
[EventDate "2022.12.03"]
[EventType "swiss"]
[EventRounds "7"]
[EventCountry "BRA"]
[SourceTitle "EXT 2024"]
[Source "ChessBase"]
[SourceDate "2023.10.10"]
[SourceVersion "1"]
[SourceVersionDate "2023.10.10"]
[SourceQuality "1"]

1. d4 Nf6 2. c4 g6 3. Nc3 Bg7 4. e4 d6 5. Nf3 0-0 6. Be2 e5 7. 0-0 Nc6 8. Be3 Ng4 9. Bg5 Qe8 10. Nd5 Qd7 11. h3 f6 12. hxg4 fxg5 13. Nxg5 Nxd4 14. Nf3 Ne6 15. Rc1 Nf4 16. c5 Nxe2+ 17. Qxe2 c6 18. Ne3 d5 19. exd5 cxd5 20. Rfd1 d4 21. Nh2 Qc6 22. Nc2 Qe6 23. a3 Bd7 24. Re1 Rae8 25. b4 Qd5 26. Red1 Bc6 27. f3 a6 28. Ne3 Qb3 29. Qc4+ Qxc4 30. Nxc4 Bh6 31. Rb1 Ba4 32. Re1 Bg7 33. Nf1 Bc2 34. Rb2 d3 35. Nce3 e4 36. Ra2 exf3 37. gxf3 Bb3 0-1

[Event "Manaus Amazonas Cup"]
[Site "Manaus"]
[Date "2022.12.04"]
[Round "3"]
[White "Ordozgoite, Gabriel Bento"]
[Black "Pereira, Guilherme Fernando"]
[Result "0-1"]
[WhiteElo "1683"]
[BlackElo "1169"]
[PlyCount "54"]
[EventDate "2022.12.03"]
[EventType "swiss"]
[EventRounds "7"]
[EventCountry "BRA"]
[SourceTitle "EXT 2024"]
[Source "ChessBase"]
[SourceDate "2023.10.10"]
[SourceVersion "1"]
[SourceVersionDate "2023.10.10"]
[SourceQuality "1"]

1. d4 d5 2. Bf4 Bf5 3. Nf3 Nf6 4. e3 e6 5. c3 Bd6 6. Bg3 0-0 7. Bd3 Re8 8. Bxf5 exf5 9. Nbd2 f4 10. Bh4 fxe3 11. fxe3 Rxe3+ 12. Kf2 Ng4+ 13. Kg1 Qe8 14. Bg5 Re6 15. Qb3 Qc6 16. h3 Nf6 17. Bxf6 Rxf6 18. Re1 Bg3 19. Qxb7 Nd7 20. Qxc6 Rxc6 21. Re7 Nf6 22. Ne5 Rb6 23. Nb3 Ra6 24. Nc1 Ne4 25. Kf1 Rf6+ 26. Nf3 Bh4 27. Ke2 Ng3+ 0-1

[Event "Manaus Amazonas Cup"]
[Site "Manaus"]
[Date "2022.12.04"]
[Round "4"]
[White "Pereira, Guilherme Fernando"]
[Black "Naief Moreira, Cleber"]
[Result "0-1"]
[WhiteElo "1169"]
[BlackElo "1920"]
[PlyCount "46"]
[EventDate "2022.12.03"]
[EventType "swiss"]
[EventRounds "7"]
[EventCountry "BRA"]
[SourceTitle "EXT 2024"]
[Source "ChessBase"]
[SourceDate "2023.10.10"]
[SourceVersion "1"]
[SourceVersionDate "2023.10.10"]
[SourceQuality "1"]

1. d4 Nf6 2. c4 g6 3. Nc3 Bg7 4. e4 d6 5. Nf3 0-0 6. Be2 Nbd7 7. 0-0 e5 8. Be3 a5 9. a4 Qe7 10. d5 b6 11. Nd2 Nc5 12. h3 Ne8 13. Nb3 Nd7 14. Rc1 f5 15. exf5 gxf5 16. Kh1 f4 17. Bd2 Ndf6 18. g3 fxg3 19. fxg3 Bxh3 20. Rg1 Bf5 21. g4 Nxg4 22. Bxg4 Qh4+ 23. Kg2 Bxg4 0-1